| 000 | 00000nam 2200000zi 4500 |
| 001 | 9.877591 |
| 003 | CaOODSP |
| 005 | 20221107165021 |
| 006 | m o d f |
| 007 | cr cn||||||||| |
| 008 | 190807t20192019onc ob f000 0 fre d |
| 020 | |a9780660321189 |
| 040 | |aCaOODSP|bfre|erda|cCaOODSP |
| 043 | |an-cn--- |
| 086 | 1 |aH14-332/2019F-PDF |
| 245 | 00|aPolitique sur les retraits/rappels de produits de santé. |
| 246 | 17|aPolitiques sur les retraits/rappels de produits de santé (POL-0016) |
| 264 | 1|aOttawa (Ontario) : |bSanté Canada = Health Canada, |c2019. |
| 264 | 4|c©2019 |
| 300 | |a1 ressource en ligne (27 pages) |
| 336 | |atexte|btxt|2rdacontent/fre |
| 337 | |ainformatique|bc|2rdamedia/fre |
| 338 | |aressource en ligne|bcr|2rdacarrier/fre |
| 500 | |aPublié aussi en anglais sous le titre : Recall policy for health products. |
| 500 | |aTitre de la couverture. |
| 500 | |a« POL-0016. » |
| 500 | |a« Date de publication : 15 août 2019. » |
| 500 | |a« Pub. : 190269. » |
| 500 | |aPublié aussi en format HTML. |
| 504 | |aComprend des références bibliographiques (page 27). |
| 692 | 07|2gccst|aProduit de soins de santé |
| 692 | 07|2gccst|aRappel de produit |
| 692 | 07|2gccst|aPolitique gouvernementale |
| 710 | 1 |aCanada. |bSanté Canada. |
| 775 | 08|tRecall policy for health products.|w(CaOODSP)9.877589 |
| 856 | 40|qPDF|s1.18 Mo|uhttps://publications.gc.ca/collections/collection_2019/sc-hc/H14-332-2019-fra.pdf |
| 856 | 4 |qHTML|sS.O.|uhttps://www.canada.ca/fr/sante-canada/services/medicaments-produits-sante/conformite-application-loi/information-produits-sante/drogues/politique-retraits-rappels-0016/politique.html |